| 000 | 00636mm a2200217a 44500 | ||
|---|---|---|---|
| 001 | NM030049 | ||
| 003 | RG CODE MARC | ||
| 008 | 25020s2025 ||||||||||||||000 | spa|| | ||
| 005 | 20251028183340.0 | ||
| 020 | _a978-631-91062-0-6 | ||
| 040 | _aORG CODE MARC | ||
| 100 |
_aGolluscio, Sebastián _932574 |
||
| 245 |
_aEspiritualidad completa _bcómo crecer hasta la plena estatura de Cristo _cSebastián Golluscio , con prólogo de Carlos Mraida |
||
| 250 | _a1ª ed. | ||
| 260 |
_aBuenos Aires _bSITB |
||
| 300 |
_a191 p. _b22 cm. |
||
| 653 | _aESPIRITUALIDAD | ||
| 653 | _aVIDA CRISTIANA | ||
| 700 | _aMraida, Carlos | ||
| 942 | _cBK | ||
| 999 |
_c29356 _d29356 |
||